00662nam a2200157 a 4500008004100000050002200041100001900063245016700082260003800249300002500287350000900312500004500321650004300366650001200409710008300421100209s1978 ||||||||||||||||| || u aGOV.ZAM(02)1978/6 aMuyangwa, P. M10aLusaka squatter upgrading site and service project: report for the quarter ending 31st December, 1978cby P. M. Muyangwa, Lusaka City Council Housing Project Unit aLusaka:bGovernment Printerc1978 avaried pagings: ill. a0.00 aLusaka City Council Housing Project Unit aZAMBIA--HOUSING PROJECTS--CONSTRUCTION aHOUSING aGovernment of the Republic of Zambia. Ministry of Local Government and Housing